<?xml version="1.0" encoding="UTF-8"?>
<collection xmlns="http://www.loc.gov/MARC21/slim">
<record>
  <controlfield tag="001">7160</controlfield>
  <controlfield tag="005">20241216143806.0</controlfield>
  <datafield tag="037" ind1=" " ind2=" ">
    <subfield code="a">POSTER-2024-0101</subfield>
  </datafield>
  <datafield tag="100" ind1=" " ind2=" ">
    <subfield code="a">Maurice, Lucas</subfield>
  </datafield>
  <datafield tag="245" ind1=" " ind2=" ">
    <subfield code="a">Pulse radar transmitter for the Humain BRAMS array?</subfield>
  </datafield>
  <datafield tag="260" ind1=" " ind2=" ">
    <subfield code="c">2024</subfield>
  </datafield>
  <datafield tag="269" ind1=" " ind2=" ">
    <subfield code="c">2024-09-19</subfield>
  </datafield>
  <datafield tag="520" ind1=" " ind2=" ">
    <subfield code="a">As part of the development stages of SPADE, the addition of a transmitter at the Humain Radio Astronomy Station is planned to calibrate the instrument. This implementation will use Software-Defined Radio, which allows for enhanced functionality by leveraging the automation and connectivity options associated with this technology. This paper explores the feasibility of configuring this transmitter as a pulse generator to convert the BRAMS interferometer in Humain into a radar for observing radio meteor echoes.</subfield>
  </datafield>
  <datafield tag="594" ind1=" " ind2=" ">
    <subfield code="a">NO</subfield>
  </datafield>
  <datafield tag="700" ind1=" " ind2=" ">
    <subfield code="a">Manuel Mascarenhas, Adrien </subfield>
  </datafield>
  <datafield tag="700" ind1=" " ind2=" ">
    <subfield code="a">Martínez Picar, Antonio </subfield>
  </datafield>
  <datafield tag="700" ind1=" " ind2=" ">
    <subfield code="a">Marqué, Christophe</subfield>
  </datafield>
  <datafield tag="773" ind1=" " ind2=" ">
    <subfield code="t">International Meteor Conference - Kutná Hora, Czech Republic.</subfield>
  </datafield>
  <datafield tag="856" ind1="0" ind2=" ">
    <subfield code="f">antonio.martinez@ksb-orb.be</subfield>
  </datafield>
  <datafield tag="856" ind1="4" ind2="2">
    <subfield code="a">https://imc2024.imo.net/program</subfield>
  </datafield>
  <datafield tag="856" ind1="4" ind2=" ">
    <subfield code="s">1270055</subfield>
    <subfield code="u">http://publi2-as.oma.be/record/7160/files/IMC2024-Poster.pdf</subfield>
    <subfield code="y">Poster</subfield>
  </datafield>
  <datafield tag="856" ind1="4" ind2=" ">
    <subfield code="s">21527</subfield>
    <subfield code="u">http://publi2-as.oma.be/record/7160/files/IMC2024-Poster.gif?subformat=icon</subfield>
    <subfield code="x">icon</subfield>
    <subfield code="y">Poster</subfield>
  </datafield>
  <datafield tag="856" ind1="4" ind2=" ">
    <subfield code="s">21789</subfield>
    <subfield code="u">http://publi2-as.oma.be/record/7160/files/IMC2024-Poster.jpg?subformat=icon-180</subfield>
    <subfield code="x">icon-180</subfield>
    <subfield code="y">Poster</subfield>
  </datafield>
  <datafield tag="980" ind1=" " ind2=" ">
    <subfield code="a">CPOSTER</subfield>
  </datafield>
</record>
</collection>